000 00414nam a22001697a 4500
005 20180615123250.0
008 160526b xxu||||| |||| 00| 0 eng d
020 _a0-07-049967-X
041 _aeng
082 _b5349
_a657.42
100 _aHilton, Maher, Selto
_91340
245 _aCost Management
260 _aNew Delhi
_bAcademic Faundation
_c2002
300 _a909
650 _aManagement
_9241
942 _cBK
999 _c1890
_d1889